[Event "Madrid-ch Previa-A"]
[Site "Madrid"]
[Date "2020.02.17"]
[Round "7"]
[White "Martinez Pascual, Gonzalo"]
[Black "Martin Rodriguez, Anastasio"]
[Result "1-0"]
[WhiteElo "1559"]
[BlackElo "1609"]
[PlyCount "50"]
[EventDate "2020.02.03"]
[EventType "swiss"]
[EventRounds "9"]
[EventCountry "ESP"]
[SourceTitle "EXT 2021"]
[Source "ChessBase"]
[SourceDate "2020.10.23"]
[SourceVersion "1"]
[SourceVersionDate "2020.10.23"]
[SourceQuality "1"]

1. d4 Nf6 2. Bf4 e6 3. e3 d5 4. Nf3 Bd6 5. Bg3 0-0 6. Bd3 c5 7. c3 Qc7 8. Nbd2 Nbd7 9. Bxd6 Qxd6 10. Qe2 c4 11. Bc2 e5 12. dxe5 Nxe5 13. Nxe5 Qxe5 14. Nf3 Qh5 15. h3 Bg4 16. 0-0-0 Bxf3 17. Qxf3 Qxf3 18. gxf3 Rfe8 19. Rd4 Re5 20. Rhd1 Rh5 21. e4 Rxh3 22. e5 Rxf3 23. exf6 Rxf6 24. Rxd5 g5 25. Rxg5+ Kf8 1-0

[Event "Mostoles op 10th"]
[Site "Mostoles"]
[Date "2019.07.23"]
[Round "6"]
[White "Martinez Pascual, Gonzalo"]
[Black "Largo Barbero, Benito"]
[Result "1/2-1/2"]
[WhiteElo "1557"]
[BlackElo "1867"]
[PlyCount "115"]
[EventDate "2019.07.18"]
[EventType "swiss"]
[EventRounds "9"]
[EventCountry "ESP"]
[SourceTitle "EXT 2020"]
[Source "ChessBase"]
[SourceDate "2019.10.17"]
[SourceVersion "1"]
[SourceVersionDate "2019.10.17"]
[SourceQuality "1"]

1. d4 d6 2. Bf4 g6 3. e3 Bg7 4. Nf3 Nf6 5. Be2 0-0 6. 0-0 c6 7. c4 Qe8 8. h3 Nfd7 9. Bh2 e5 10. Nc3 f5 11. d5 Qe7 12. dxc6 bxc6 13. Qb3 Nc5 14. Qa3 g5 15. b4 Ne6 16. b5 Nc7 17. Rad1 g4 18. hxg4 fxg4 19. Nd2 Rf6 20. Nde4 Rh6 21. Bg3 Bf8 22. Qb3 c5 23. f3 Qg7 24. fxg4 Bxg4 25. Qc2 Nd7 26. Rf2 Qg6 27. Qd3 Bf5 28. Rdf1 Bxe4 29. Nxe4 Be7 30. Bf3 Rf8 31. Qc2 Bh4 32. Bxh4 Rxh4 33. Nc3 Qh6 34. Re2 Rh1+ 35. Kf2 Qh4+ 36. g3 Rxf1+ 37. Kxf1 Rxf3+ 38. Ke1 Qxg3+ 39. Kd2 Rf2 40. Qa4 Rxe2+ 41. Nxe2 Qg7 42. Qxa7 Ne6 43. b6 e4 44. b7 Qb2+ 45. Ke1 Nd8 46. Qa8 Qb6 47. a4 Qxb7 48. Qxd8+ Kf7 49. Qh8 Nf6 50. Qd8 Qb4+ 51. Kf2 Qxa4 52. Qxd6 Qxc4 53. Qc7+ Kf8 54. Qd6+ Kg7 55. Qg3+ Kf7 56. Qc7+ Ke8 57. Qe5+ Kf7 58. Qc7+ 1/2-1/2

[Event "Mostoles op 10th"]
[Site "Mostoles"]
[Date "2019.07.22"]
[Round "5"]
[White "Contreras Donoso, Juan Francisco"]
[Black "Martinez Pascual, Gonzalo"]
[Result "1-0"]
[WhiteElo "1766"]
[BlackElo "1557"]
[PlyCount "85"]
[EventDate "2019.07.18"]
[EventType "swiss"]
[EventRounds "9"]
[EventCountry "ESP"]
[SourceTitle "EXT 2020"]
[Source "ChessBase"]
[SourceDate "2019.10.17"]
[SourceVersion "1"]
[SourceVersionDate "2019.10.17"]
[SourceQuality "1"]

1. e4 c6 2. d4 d5 3. Nc3 dxe4 4. Nxe4 Nd7 5. Nf3 Ngf6 6. Nc3 e6 7. Bd3 Bd6 8. 0-0 0-0 9. Re1 c5 10. Nb5 Be7 11. Bf4 Nd5 12. Bg3 a6 13. c4 axb5 14. cxd5 exd5 15. dxc5 Nxc5 16. Bxb5 Ne4 17. Be5 Be6 18. Nd4 Bc5 19. Nxe6 Bxf2+ 20. Kh1 Bxe1 21. Nxd8 Nf2+ 22. Kg1 Nxd1 23. Rxd1 Rfxd8 24. Rxe1 Rxa2 25. Bc3 Rda8 26. Bd4 f6 27. Re7 Ra1+ 28. Kf2 Rd1 29. Bb6 Rc8 30. Ke2 Rg1 31. Bxg1 Rc2+ 32. Kf3 Rxb2 33. Rxb7 g5 34. Bc6 Rd2 35. Rd7 Rd1 36. Bxd5+ Kf8 37. Bc5+ Ke8 38. Rd6 Ke7 39. Ra6+ Ke8 40. Bc6+ Kf7 41. Ra7+ Kg6 42. Be8+ Kh6 43. Bf8# 1-0

[Event "Alcorcon Spring op-B 1st"]
[Site "Alcorcon"]
[Date "2019.05.05"]
[Round "6"]
[White "Martinez Pascual, Gonzalo"]
[Black "Arias Bellido, Santiago"]
[Result "1-0"]
[WhiteElo "1471"]
[BlackElo "1237"]
[PlyCount "29"]
[EventDate "2019.03.24"]
[EventType "swiss"]
[EventRounds "9"]
[EventCountry "ESP"]
[SourceTitle "EXT 2020"]
[Source "ChessBase"]
[SourceDate "2019.10.17"]
[SourceVersion "1"]
[SourceVersionDate "2019.10.17"]
[SourceQuality "1"]

1. d4 e6 2. Bf4 Nc6 3. e3 Nf6 4. Nf3 Be7 5. c3 Nh5 6. Bg3 Nxg3 7. hxg3 h6 8. Bd3 d5 9. Nbd2 Qd6 10. Bb5 Bd7 11. Bxc6 Bxc6 12. Ne5 f6 13. Qh5+ g6 14. Qxg6+ Kf8 15. Qf7# 1-0

[Event "Alcorcon Spring op-B 1st"]
[Site "Alcorcon"]
[Date "2019.04.07"]
[Round "3"]
[White "Arce Escobedo, Julio"]
[Black "Martinez Pascual, Gonzalo"]
[Result "1-0"]
[WhiteElo "1634"]
[BlackElo "1471"]
[PlyCount "63"]
[EventDate "2019.03.24"]
[EventType "swiss"]
[EventRounds "9"]
[EventCountry "ESP"]
[SourceTitle "EXT 2020"]
[Source "ChessBase"]
[SourceDate "2019.10.17"]
[SourceVersion "1"]
[SourceVersionDate "2019.10.17"]
[SourceQuality "1"]

1. e4 e5 2. Nf3 Nc6 3. Bc4 Bc5 4. c3 d6 5. h3 Nf6 6. d3 h6 7. a4 a6 8. b4 Ba7 9. Be3 Bxe3 10. fxe3 0-0 11. 0-0 Qe7 12. Nbd2 Be6 13. Qe1 Bxc4 14. Nxc4 Qe6 15. Nh4 Nxe4 16. Nf5 Kh7 17. dxe4 Qxc4 18. Qh4 Qe6 19. Rf3 Rae8 20. Raf1 Ne7 21. Nxg7 Kxg7 22. Rf6 Ng6 23. Qf2 Qc4 24. h4 h5 25. Qf5 Nxh4 26. Qxh5 Ng6 27. Qf5 b5 28. Rf3 bxa4 29. Rg3 Re7 30. Rgxg6+ fxg6 31. Qxg6+ Kh8 32. Rxf8+ 1-0

[Event "Alcorcon Spring op-B 1st"]
[Site "Alcorcon"]
[Date "2019.03.31"]
[Round "2"]
[White "Martinez Pascual, Gonzalo"]
[Black "Boni De Aristizabal, Marco"]
[Result "1-0"]
[WhiteElo "1471"]
[BlackElo "1680"]
[PlyCount "65"]
[EventDate "2019.03.24"]
[EventType "swiss"]
[EventRounds "9"]
[EventCountry "ESP"]
[SourceTitle "EXT 2020"]
[Source "ChessBase"]
[SourceDate "2019.10.17"]
[SourceVersion "1"]
[SourceVersionDate "2019.10.17"]
[SourceQuality "1"]

1. d4 Nf6 2. Bf4 e6 3. e3 c5 4. c3 Nc6 5. Nd2 d5 6. Ngf3 Be7 7. Bd3 h6 8. Ne5 Qb6 9. Rb1 0-0 10. h4 cxd4 11. exd4 Rd8 12. Qf3 Nxe5 13. dxe5 Nd7 14. Qg3 Kf8 15. Bh7 Ke8 16. Qxg7 Bf8 17. Qg8 Qc7 18. Nf3 Nf6 19. Qh8 Nxh7 20. Qxh7 Qc4 21. Bxh6 Bxh6 22. Qxh6 Qe4+ 23. Kd2 b6 24. Rbe1 Qc4 25. Qh8+ Ke7 26. Qf6+ Ke8 27. h5 Qxa2 28. Rb1 Qc4 29. Rh4 Qc5 30. Ng5 Qe7 31. h6 Qxf6 32. exf6 Kf8 33. h7 1-0

[Event "Madrid-ch Previa-B"]
[Site "Madrid"]
[Date "2017.02.11"]
[Round "5"]
[White "Ojosnegros Martin, Angel"]
[Black "Martinez Pascual, Gonzalo"]
[Result "1-0"]
[WhiteElo "1516"]
[BlackElo "1493"]
[PlyCount "81"]
[EventDate "2017.02.02"]
[EventType "swiss"]
[EventRounds "9"]
[EventCountry "ESP"]
[SourceTitle "EXT 2018"]
[Source "ChessBase"]
[SourceDate "2017.10.13"]
[SourceVersion "1"]
[SourceVersionDate "2017.10.13"]
[SourceQuality "1"]

1. e4 c6 2. d4 d5 3. exd5 cxd5 4. Nf3 Bg4 5. c3 e6 6. Bf4 Bd6 7. Bxd6 Qxd6 8. Nbd2 Nf6 9. Bd3 0-0 10. Qc2 Nc6 11. 0-0 Rac8 12. Qb1 Rfe8 13. Re1 e5 14. dxe5 Nxe5 15. Nxe5 Rxe5 16. Qc2 Rce8 17. Rxe5 Qxe5 18. Bf1 Bf5 19. Qb3 Qf4 20. Nf3 b6 21. a4 Be4 22. h3 Bxf3 23. gxf3 Qxf3 24. Bg2 Qf5 25. Qd1 Ne4 26. Qd4 Qg5 27. Re1 Kf8 28. c4 Nf6 29. Rxe8+ Kxe8 30. cxd5 Nh5 31. Qc4 Kd8 32. d6 Qc5 33. Qxf7 Qg5 34. Qc7+ Ke8 35. d7+ Kf7 36. d8Q+ Kg6 37. Qe8+ Kh6 38. Qd6+ g6 39. Qdf8+ Ng7 40. Qe3 Qxe3 41. fxe3 1-0

[Event "Madrid San Viator op-B 26th"]
[Site "Madrid"]
[Date "2016.05.29"]
[Round "8"]
[White "Diaz del Prado, Carlos"]
[Black "Martinez Pascual, Gonzalo"]
[Result "0-1"]
[WhiteElo "1314"]
[BlackElo "1546"]
[PlyCount "60"]
[EventDate "2016.04.03"]
[EventType "swiss"]
[EventRounds "9"]
[EventCountry "ESP"]
[SourceTitle "EXT 2017"]
[Source "ChessBase"]
[SourceDate "2016.10.25"]
[SourceVersion "1"]
[SourceVersionDate "2016.10.25"]
[SourceQuality "1"]

1. e4 c6 2. Nc3 d5 3. d4 dxe4 4. Nxe4 Bf5 5. Nc3 Nf6 6. Nf3 e6 7. Bg5 Bb4 8. Be2 Nbd7 9. 0-0 h6 10. Bh4 Qc7 11. Bg3 Bd6 12. Bxd6 Qxd6 13. Bd3 Bg4 14. Be2 0-0 15. Re1 Rfe8 16. Ne5 Bxe2 17. Rxe2 Nd5 18. Qd2 Rad8 19. Rd1 N7f6 20. Nc4 Qc7 21. Ne5 Nxc3 22. bxc3 Qa5 23. Ra1 c5 24. Nc4 Qc7 25. Rd1 cxd4 26. Nb2 dxc3 27. Qc1 cxb2 28. Qb1 Rxd1+ 29. Qxd1 Nd5 30. Qd2 b1Q+ 0-1

[Event "Madrid San Viator op-B 26th"]
[Site "Madrid"]
[Date "2016.05.22"]
[Round "7"]
[White "Martinez Pascual, Gonzalo"]
[Black "Cuerda Montagud, Tomas"]
[Result "0-1"]
[WhiteElo "1546"]
[BlackElo "1414"]
[PlyCount "74"]
[EventDate "2016.04.03"]
[EventType "swiss"]
[EventRounds "9"]
[EventCountry "ESP"]
[SourceTitle "EXT 2017"]
[Source "ChessBase"]
[SourceDate "2016.10.25"]
[SourceVersion "1"]
[SourceVersionDate "2016.10.25"]
[SourceQuality "1"]

1. d4 d5 2. Bf4 Nf6 3. Nf3 c5 4. e3 Nc6 5. c3 Qb6 6. Na3 Qxb2 7. Nb5 a6 8. Nc7+ Kd8 9. Nxa8 Qxc3+ 10. Nd2 e5 11. dxe5 Nxe5 12. Rc1 Nd3+ 13. Bxd3 Qxd3 14. Nb3 Qb5 15. Nc7 Qb4+ 16. Qd2 c4 17. Qxb4 Bxb4+ 18. Nd2 Ne4 19. 0-0 Bxd2 20. Rcd1 g5 21. Bxg5+ Nxg5 22. Rxd2 Kxc7 23. Rxd5 Rg8 24. Rc5+ Kb8 25. f4 Ne4 26. Rh5 Be6 27. Rxh7 c3 28. Rc1 Bxa2 29. Kf1 Rd8 30. Ke2 b5 31. Rh6 Kb7 32. Ra1 Rd2+ 33. Kf3 c2 34. Rc1 Nc5 35. e4 Nb3 36. Ke3 Rxg2 37. Rh7 Nxc1 0-1

[Event "Madrid San Viator op-B 26th"]
[Site "Madrid"]
[Date "2016.04.10"]
[Round "2"]
[White "Lopez Nunez, Alonso"]
[Black "Martinez Pascual, Gonzalo"]
[Result "1-0"]
[WhiteElo "1304"]
[BlackElo "1546"]
[PlyCount "112"]
[EventDate "2016.04.03"]
[EventType "swiss"]
[EventRounds "9"]
[EventCountry "ESP"]
[SourceTitle "EXT 2017"]
[Source "ChessBase"]
[SourceDate "2016.10.25"]
[SourceVersion "1"]
[SourceVersionDate "2016.10.25"]
[SourceQuality "1"]

1. e4 c5 2. c3 d6 3. d4 cxd4 4. cxd4 Nc6 5. Nc3 Nf6 6. Bb5 Bd7 7. Bxc6 Bxc6 8. d5 Bd7 9. Nge2 e5 10. 0-0 Be7 11. Bg5 0-0 12. Qc2 Rc8 13. Rac1 a6 14. Qd2 b5 15. b4 a5 16. a3 axb4 17. axb4 Bg4 18. f3 Bd7 19. Qd3 Qb6+ 20. Be3 Qb7 21. Ra1 Ra8 22. Rfc1 Rxa1 23. Rxa1 Ra8 24. Rxa8+ Qxa8 25. Qc2 Qa1+ 26. Qb1 Qxb1+ 27. Nxb1 Ne8 28. Na3 Nc7 29. Nc3 g6 30. Bb6 Na6 31. Ba5 f5 32. Ncxb5 fxe4 33. fxe4 Bg5 34. Nxd6 Bd2 35. Ndc4 Nxb4 36. Nxd2 Nd3 37. Nac4 Bb5 38. Bc7 Bxc4 39. Nxc4 Nc5 40. Bxe5 Nxe4 41. d6 Nc5 42. Bd4 Nd7 43. Nb6 Nb8 44. d7 Nc6 45. Bf6 Kf7 46. d8Q Nxd8 47. Bxd8 h5 48. Kf2 Ke6 49. Kf3 Kf5 50. Nd5 g5 51. Ne3+ Kg6 52. Ke4 g4 53. Nd5 Kh6 54. Kf5 Kh7 55. Kg5 Kg7 56. Kxh5 Kg8 1-0